000 01597nam a2200445 a 4500
008 120904s2010 us ||||f |||| 00| 0 eng d
020 _a9996058492
041 _aeng
092 _c616.9
_l51
_sMAN
100 1 _aMandell. Gerald L.
_9519
245 _aMandell, Douglas and Bennett“s. Principles and practice of infectious diseases.
_bVol.2 /
_cGerald L. Mandell
250 _a7th ed.
260 _aPhiladelphia [Estados Unidos]:
_bElsevier-Churchill Livingstone;
_c2010.
300 _a1905-4028 p.
500 _aMandell, G. L., Bennett, J. E. y Dolin, R. (2010). Priniciples and practice of infections diseases. T.2 (7th ed.). Philadelphia : Churchill Livingstone.
590 _aCompra PROMED Julio 2012
653 _aInfectious diseases and their etiologic agents
653 _aViral diseases
653 _aPrion diseases
653 _aChlamydial diseases
653 _aMycoplasma diseases
653 _aRickettioses, Ehrlichioses, and anaplasmosis
653 _aBacterial diseades
653 _aMycoses
653 _aProtozoal diseases
653 _aDiseases due to toxic algae
653 _aDiseases due to helminths
653 _aEctoparasitic diseases
653 _aDiseases of unknown etiology
653 _aSpecial problems - Nosocomial infections
653 _ainfections in special hosts
653 _aSurgical and trauma-related infections
653 _aInmunization
653 _aBiodefense
653 _aZoonoses
653 _aProtection of travelers
700 1 _aBennett, John E.
_9520
700 1 _aDolin, Raphael
_9521
942 _2ddc
_cBK
999 _c1102
_d1102